| 000 | 00372nam a2200157Ia 4500 | ||
|---|---|---|---|
| 005 | 20250312015811.0 | ||
| 008 | 240331s9999 xx 000 0 und d | ||
| 082 |
_bGAN _a894 |
||
| 100 | _aGanesalingam, S | ||
| 245 | 0 | _aPorkolam | |
| 250 | _a2nd | ||
| 260 |
_aVadapalani _bKumaran Publishers _c1996 |
||
| 300 | _a247 p ., | ||
| 500 | _aA Dalit Novel in Tamil | ||
| 942 | _cL | ||
| 999 |
_c3756 _d3756 |
||